000 00694nam a2200229Ia 4500
003 OSt
005 20220923220859.0
006 a|||||r|||| 00| 0
007 ta
008 220922b |||||||| |||| 00| 0 hin d
024 _a191,834
037 _cTextual
040 _aARTS
_cARTS
_bhin
041 _2hin
_ahin
082 _aV2.M5, 152L6
100 _aशर्मा, लखपत राम
_9156266
245 0 _aरत्नों और खजानों का देश भारत
246 _aRatnoan aur khajānoan kā desh bhārata
260 _c1976
942 _hV2.M5, 152L6
_cTEXL
_2CC
999 _c344490
_d344490